Cultural Heritage of Jammu & Kashmir/ (Record no. 209546)

MARC details
000 -LEADER
fixed length control field 00625nam a22001937a 4500
005 - DATE AND TIME OF LATEST TRANSACTION
control field 20250430140612.0
010 ## - LCCN (DPL NO)
LC control number ENG-144767
020 ## - INTERNATIONAL STANDARD BOOK NUMBER
Terms of availability 950.00
International Standard Book Number 9789395912600
035 ## - SYSTEM CONTROL NUMBER
System control number EN-128299
037 ## - SOURCE OF ACQUISITION
Source of stock number/acquisition DBAD
082 ## - DEWEY DECIMAL CLASSIFICATION NUMBER
Classification number 954.11
Edition number 1
100 ## - MAIN ENTRY--PERSONAL NAME
Personal name Sambyal, Vijay Kumar
245 ## - TITLE STATEMENT
Title Cultural Heritage of Jammu & Kashmir/
Statement of responsibility, etc by Vijay Kumar Sambyal
250 ## - EDITION STATEMENT
Edition statement 1
260 ## - PUBLICATION, DISTRIBUTION, ETC. (IMPRINT)
Name of publisher, distributor, etc Goel Publications
Date of publication, distribution, etc 2024
Place of publication, distribution, etc New Delhi
270 ## - ADDRESS
Address G-Floor, 4855/24, Ansari Road, Darya Ganj
City New Delhi
Postal code 110002
Telephone number 9999819813
Electronic mail address goelpublications@gmail.com
300 ## - PHYSICAL DESCRIPTION
Extent 277p.
Dimensions 22cm(hb)
942 ## - ADDED ENTRY ELEMENTS (KOHA)
Source of classification or shelving scheme Dewey Decimal Classification
Item type English Books
Classification part 954.11
Call number suffix SAM
Edition 1
Holdings
Withdrawn status Lost status Not for loan Collection code Home library Current library Date acquired Source of acquisition Cost, normal purchase price Full call number Barcode Copy number Cost, replacement price Koha item type
      Non-fiction Patel Nagar Patel Nagar 30/04/2025 Delivery of Books Act Division 950.00 954.11 SAM EN-128299 1 950.00 English Books

© Delhi Public Library
Hit Counter
free hit counter